O mundo dos outros (Registo nº 12821)

Detalhes MARC
000 -Etiqueta do registo
campo de controlo de comprimento fixo 006700000a22002170004500
001 - Identificador do registo
Campo de controlo 12821
010 ## - ISBN
Número (ISBN) 972-20-1879-5
100 ## - Dados Gerais de Proc.
Dados gerais de processamento 20041105d2000 k y0pory5003 ba
101 0# - Língua da publicação
Língua do texto, banda sonora, etc. Português
102 ## - País de Publicação
País de publicação Portugal
200 1# - Título
Título próprio O mundo dos outros
Informação de outro título histórias e vagabundagens
Primeira menção de responsabilidade José Gomes Ferreira
205 ## - Menção da edição
Menção da edição 9ª. ed
210 ## - Publicação, Distribuição
Lugar da edição, distribuição, etc. Lisboa
Nome do editor, distribuidor, etc. Dom Quixote
Data da publicação, distribuição, etc. 2000
215 ## - Descrição física
Descrição física 205, [4] p
225 2# - Colecção
Título próprio da colecção Biblioteca de bolso
Nome de uma parte ou secção Literatura
Indicação de volume 13
305 ## - Edição e história bibliográfica
Texto da nota 1ª. ed. de bolso.
675 ## - CDU
Notação 821.134.3-3"19"
Edição BN
Língua da edição Português
700 #1 - Responsabilidade principal
Palavra de ordem Ferreira
Outra parte do nome José Gomes
Datas 1900-1985
090 ## - Números de controlo do sistema (Koha)
Número biblioitem do Koha (gerado automaticamente) 12821
942 ## - Elementos de entrada adicionados (Koha)
Tipo de item no Koha Monografias
Suprimido Disponível no OPAC
999 ## - Campo local
Campo local 12821
-- Bibliobase - BMTAV
-- 2019-01-21
Exemplares
Perdido (estado) Data de aquisição Origem do registo (biblioteca) (codificado) Código da organização que empresta ou é detentora (biblioteca) Código de barras Cota Tipo de circulação (não pode ser emprestado) Tipo de item e material
Disponível 2004-11-05 Biblioteca Municipal Álvaro de Campos Biblioteca Municipal Álvaro de Campos BMTAV28131 R3 FER-D Normal Monografias